Random 2010's NFL Players #1 - Statistics

General Stats
  • This quiz has been taken 29 times
  • The average score is 5 of 15
Answer Stats
Position Teams College Drafted Retired Answer % Correct
TE DAL/LVR Tennessee 2003 2020 Jason Witten
72%
QB NYJ/PHI/DAL/CHI/WAS USC 2009 2018 Mark Sanchez
64%
K MIN/SEA Georgia 2012 2017 Blair Walsh
60%
TE CAR/CLE Louisville 2008 2016 Gary Barnidge
40%
TE DEN Michigan 2017 2020 Jake Butt
40%
WR JAX/DAL/MIA Miami 2014 2021 Allen Hurns
36%
CB NYG/JAX/CHI Nebraska 2011 2019 Prince Amukamara
32%
OG STL/BUF/MIA/BUF/OAK Nebraska 2005 2021 Richie Incognito
32%
WR TEN/STL/CLE/NE Rutgers 2009 2017 Kenny Britt
24%
CB ATL/DET/NO/LVR Washington 2013 2021 Desmond Trufant
20%
EDGE DEN/BAL/SF Louisville 2006 2017 Elvis Dumervil
20%
RB PHI/WAS/PIT West Virginia 2016 2020 Wendell Smallwood
20%
EDGE DET/SEA Purdue 2008 2017 Cliff Avril
16%
WR CIN Florida State 2018 2021 Auden Tate
12%
RB SEA/KC/IND/KC LSU 2013 2019 Spencer Ware
8%
No matching quizzes found
Score Distribution
Percent of People with Each Score
Percentile by Number Answered
Your Score History
You have not taken this quiz